| 000 | 00539nam a2200193 4500 | ||
|---|---|---|---|
| 003 | LK-CoMWRAF | ||
| 005 | 20240212134318.0 | ||
| 008 | 240212b2009 |||||||| |||| 00| 0 eng d | ||
| 040 |
_aLK-CoMWRAF _dLK-CoMWRAF _eLK-CoMWRAF |
||
| 041 | _aeng | ||
| 041 | _atam | ||
| 082 |
_a494.811 _bMEG |
||
| 245 | _aMega Lifco dictionary ( English-English-Tamil) | ||
| 260 |
_aChennai: _bLifco, _c2009 |
||
| 300 | _aviii.,1560 p. | ||
| 650 | _aEnglish language-Dictionaries-Tamil | ||
| 650 | _aTamil language -- Dictionaries -- English | ||
| 942 | _cBK | ||
| 999 |
_c4741 _d4741 |
||